000 00288nam a22001337a 4500
008 180927b xxu||||| |||| 00| 0 eng d
020 _a9780813391298
041 _aeng
080 _a371
100 _a25
101 _aEDU
245 _aSuccessful Failure
_cVarenne, H
942 _2udc
_cBK
999 _c48615
_d48615